000
00250nam a2200097Ia 4500
001
645009
005
20250826153615.0
008
250824s9999 xx 000 0 und d
245
0
_a
ÇOCUKLAR İÇİN ÂMENTÜ
_c
EMİNE TAŞGETİREN
260
_b
ALTIN COCUK
999
_c
645009
_d
645009